Statistics for General Knowledge Quiz #60

Click here to take the quiz!

General Stats

  • This quiz has been taken 152,264 times
    (88,432 since last reset)
  • The average score is 11 of 20

Answer Stats

QuestionAnswer% Correct
In what party game might you hear the phrase "right foot blue"?Twister
91%
What are Casper and Slimer?Ghosts
89%
What is the lowest rank in the U.S. Army?Private
70%
What inland sea in the Middle East is nearly 10 times as salty as the ocean?Dead Sea
68%
What famous physicist had ALS disease?Stephen Hawking
66%
Sometimes called the "Third Pole", what place in Asia has the largest concentration
of frozen water outside the polar regions?
Tibetan Plateau
66%
What language is Afrikaans derived from?Dutch
62%
What novel by Robert Louis Stevenson featured a pirate named Long John Silver?{Treasure} Island
61%
If 1 is scalene and 2 is isosceles, what is 3?Equilateral
57%
In the song "Twelve Days of Christmas", what are the ten lords doing?Leaping
51%
What is a Clydesdale?Breed of horse
50%
Who said "Do or do not. There is no try"?Yoda
50%
Geographically, which French city is closest to England?Calais
49%
What American pop star married British movie director Guy Ritchie?Madonna
47%
What popular toy got its name from the Danish words for "play well"?Lego
46%
What city did the Appian Way lead to?Rome
41%
What country's most famous monument is possibly "Manneken Pis", a tiny statue
about 61 centimeters tall of a boy peeing into a fountain?
Belgium
39%
What bouncy substance was invented by the absent-minded professor?Flubber
36%
Who famously created images of endless staircases and other impossible constructions?M. C. Escher
24%
What dwarf planet, named after the Greek goddess of discord, has a
greater mass than Pluto?
Eris
17%

Score Distribution

Percentile by Number Answered

Percent of People with Each Score

Your Score History

You have not taken this quiz since the last reset